| 000 | 00753nas a2200229 4500 | ||
|---|---|---|---|
| 001 | BR8003494 | ||
| 003 | BR-BrBNA | ||
| 005 | 20231205084330.0 | ||
| 007 | ta | ||
| 008 | 230509b bl.|||p| |||| 00| 00por d | ||
| 040 |
_aBR-BrBNA _bpor _cBiblioteca Nacional de Agricultura |
||
| 041 | _a(Pt) | ||
| 072 | _aF30 | ||
| 110 | 1 | _aInstituto Agronomico, Campinas, SP (Brasil) | |
| 245 | 1 | _aCultivares lancados pelo IAC no periodo 1968-1979 [Melhoramento genetico vegetal; Instituto Agronomico de Campinas; Sao Paulo; Brasil] | |
| 650 | _aVARIEDADE | ||
| 650 | _aCAMPINAS | ||
| 650 | _aSAO PAULO | ||
| 773 | 0 |
_tAgronomico (Brazil) _xISSN 0365-2726 _g(1980), v. 32 p. 39-168 _wBR8003494 |
|
| 909 |
_a202311 _bLúcia _c55 _dLúcia Elande |
||
| 942 |
_2AGRIS _n0 _cANA |
||
| 999 |
_c104545 _d104545 |
||